[Event "41st Eastman Open Ghent"]
[Site "Ghent"]
[Date "2018.07.17"]
[Round "7"]
[White "Foisor, Sabina"]
[Black "Vinke, Maarten"]
[Result "1-0"]
[WhiteElo "2285"]
[BlackElo "2138"]
[Annotator "NA"]
[PlyCount "115"]
[EventDate "2018.07.15"]
[EventCountry "BEL"]
[SourceTitle "playchess.com"]
[Source "ChessBase"]
[SourceQuality "1"]

1. d4 d5 2. c4 c6 3. Nf3 Nf6 4. Nbd2 a6 {D11: Slav Defence: 3 Nf3 sidelines and 3...Nf6 4 e3 Bg4} (4... Bf5 5. Nh4 Be6 6. e3 g6 7. b3 Bg7 8. Bb2 O-O 9. Be2 Ne4 10. O-O c5 11. Nxe4 dxe4 12. Qc2 f5 {0-1 (54) Svane,R (2595)-Van Foreest,J (2609) Germany 2017}) 5. Qc2 b5 6. cxd5 cxd5 7. Nb3 Bg4 $146 ({Predecessor:} 7... Bb7 8. Bd2 Nc6 9. Nc5 Qb6 10. e3 Rc8 11. b4 e5 12. a4 Ne4 13. axb5 axb5 {1-0 (22) Morozov,G (2341)-Kutuzov,D (2343) Moscow 2013}) 8. Bd2 Qc8 9. Qxc8+ Bxc8 10. Rc1 Nbd7 11. Ba5 e6 12. e3 Bd6 13. Bd3 O-O 14. O-O e5 15. Bf5 e4 16. Nfd2 g6 17. Bh3 Bb7 18. Bc7 Bxc7 19. Rxc7 Bc8 20. Rc6 Rd8 (20... a5 $14) 21. Na5 Kf8 $16 ({Better is} 21... Ne8) 22. Rfc1 Ne8 23. Ndb3 f5 24. g4 Ndf6 25. g5 Nd7 26. Bf1 Rb8 27. h4 Nb6 28. R6c2 Bd7 29. Nc5 Ra8 30. b3 Ke7 31. Be2 Nd6 32. Kg2 Rdc8 33. f4 Be6 34. h5 Nd7 35. hxg6 hxg6 36. Rh1 Bf7 37. Rcc1 Nxc5 38. dxc5 Ne8 39. b4 Nc7 40. Nc6+ Ke6 41. Rh7 Rh8 42. Rch1 Rxh7 43. Rxh7 Rf8 44. Bd1 Kd7 45. Ne5+ Ke8 46. Bb3 Ne6 47. Nxf7 Rxf7 48. Rxf7 Kxf7 49. Bxd5 Ke7 50. Bxe6 Kxe6 51. Kf2 Kd5 52. Ke2 a5 53. a3 a4 54. Kd2 Kc6 55. Kc2 Kd7 56. Kc3 Ke7 57. Kd4 Ke6 58. c6 {Kd5+ Kxe4+} 1-0

[Event "41st Eastman Open Ghent"]
[Site "Ghent"]
[Date "2018.07.17"]
[Round "7"]
[White "Kett, Tim"]
[Black "Venkataraman, Karthik"]
[Result "1-0"]
[WhiteElo "2231"]
[BlackElo "2514"]
[Annotator "TA"]
[PlyCount "113"]
[EventDate "2018.07.15"]
[EventCountry "BEL"]
[SourceTitle "playchess.com"]
[Source "ChessBase"]
[SourceQuality "1"]

{[%evp 20,113,1,6,133,117,277,272,425,415,404,402,375,374,383,367,335,266,283,275,275,268,281,286,287,277,268,270,473,473,479,447,427,258,1247,1294,1044,551,1411,97,1391,1391,29984,29985,5839,374,508,511,508,497,465,491,482,481,396,391,391,391,391,379,389,381,373,360,355,348,435,439,575,321,571,260,649,478,466,462,402,201,206,214,982,902,640,616,29976,29977,29977,29978,29978,29979,29977,29975,29968,29968,6087,5522]} 1. e4 c5 2. Nf3 d6 3. d4 Nf6 4. Nc3 cxd4 5. Nxd4 a6 6. Bg5 e6 7. f4 h6 8. Bxf6 Qxf6 9. Qd2 Nc6 10. Nxc6 bxc6 11. O-O-O {LiveBook: 18 Games. B66: Sicilian: Richter-Rauzer: 7...a6 8 0-0-0 h6} d5 (11... Qd8 $11 {keeps the balance.}) 12. exd5 $16 {Ne4 is the strong threat.} cxd5 $2 {[#]} (12... Bd6 $16 {keeps fighting.} 13. Ne4 Qxf4 14. Nxd6+ (14. dxc6 Qxd2+ 15. Nxd2 Ke7 $16) 14... Qxd6) 13. Nxd5 $1 $18 {[%mdl 512] White has a decisive advantage.} Qd8 (13... exd5 $142 14. Qxd5 Be7) 14. Qe3 $1 Rb8 15. Qe5 $1 Bd6 16. Qxg7 Rf8 17. Nf6+ Ke7 18. Bc4 $146 (18. Qxh6 Qb6 $16) ({Predecessor:} 18. Nh5 Qb6 {0-1 (37) Rago,R (2061)-Petkov,V (2564) Gabicce Mare 2013}) 18... Bxf4+ 19. Kb1 Rxb2+ 20. Kxb2 Qb6+ {[#]} 21. Bb3 $1 (21. Ka3 Qc5+ 22. Kb3 Qb6+ 23. Ka4 (23. Ka3 Qc5+ 24. Kb3 Qb6+ 25. Ka4 Qc6+ 26. Ka3 Qc5+ $11) 23... Qc6+ 24. Kb3 Qb6+ 25. Ka3 Qc5+ 26. Kb3 Qb6+ $11) 21... Be5+ {[#]} 22. Kb1 $1 Bxf6 23. Qxh6 Qc5 $2 (23... Rh8 {was called for.} 24. Qd2 Rd8 25. Qxd8+ Qxd8 26. Rxd8 Kxd8 27. Rd1+ Ke7) 24. Rhf1 Be5 {If Black can now play ...Qc3 this consolidates a bit.} 25. Qh4+ f6 26. Rfe1 {aiming for Rd3.} ({But not} 26. Qh7+ Rf7 $18) 26... Bc3 $2 (26... Qc3 27. Rxe5 Qxe5) 27. Qh7+ Rf7 28. Qd3 {[%csl Gd1][%cal Rd3d8]} Kf8 29. Qd8+ Kg7 {( -> ...Qa3)} 30. Re4 Qa3 31. Rg4+ Kh6 32. Rg6+ $2 (32. Qh8+ Rh7 33. Rh4+ Kg5 34. Qg8+ Kxh4 35. g3+ Kh5 36. Qxh7+ Kg5 37. h4+ Kg4 38. Qg6+ Kf3 39. Qd3+ Kg4 40. Qe2+ Kf5 41. Qh5+ Ke4 42. Qg4+ Ke3 43. Qf4+ Ke2 44. Bc4+ Kxd1 45. Qg4+ Ke1 46. Qe2#) 32... Kh5 {[%csl Gc3][%cal Ra3b2]} 33. g4+ Kxg6 {[%csl Gc3][%cal Ra3b2]} 34. Qd3+ Kh6 {[%csl Gc3][%cal Ra3b2]} 35. Qxc3 Qf8 36. h4 Kg6 37. Qd3+ Kg7 {If only Black now had time for ...Rd7....} 38. g5 Rd7 39. gxf6+ Kh8 40. Qf3 {Black must now prevent Rxd7.} Rxd1+ 41. Qxd1 Qxf6 42. Qd6 Qc3 43. h5 a5 44. Qf8+ Kh7 45. Qf7+ (45. Qe8 $142 Kg7 46. a3) 45... Kh8 $2 (45... Qg7 46. Qf4 (46. Bxe6 Bxe6 47. Qxe6 Qb7+ 48. Qb3 Qh1+ 49. Kb2 Qxh5 $18) 46... Qg1+ 47. Kb2 Qg2) 46. a4 Qg7 47. Qe8+ Qg8 48. Qxg8+ (48. Qe7 $142) 48... Kxg8 {[%mdl 4096] Endgame KB-KB} 49. Kb2 Bd7 $2 (49... Kh7 50. c4 e5) 50. Kc3 Kg7 51. Kd4 Kh6 52. Ke5 Kxh5 53. Kd6 Be8 54. c4 {[%cal Bc2c4,Bc4c5][%mdl 32]} e5 55. Kxe5 Bf7 56. Bd1+ Kg5 57. c5 {Precision: White = 73%, Black = 36%.} 1-0

[Event "41st Eastman Open Ghent"]
[Site "Ghent"]
[Date "2018.07.17"]
[Round "7"]
[White "Vandelacluze, Ian"]
[Black "Abolianin, Arthur"]
[Result "0-1"]
[WhiteElo "2174"]
[BlackElo "2327"]
[Annotator "NA"]
[PlyCount "74"]
[EventDate "2018.07.15"]
[EventCountry "BEL"]
[SourceTitle "playchess.com"]
[Source "ChessBase"]
[SourceQuality "1"]

1. e4 g6 2. d4 Nf6 3. e5 Nh5 4. Be2 d6 5. Nf3 {B06: Modern Defence} Nc6 6. h3 (6. O-O Bg7 7. exd6 exd6 8. Bg5 Nf6 9. Nc3 h6 10. Be3 O-O 11. h3 Ne7 12. Qd2 {1-0 (58) So,W (2812)-Nepomniachtchi,I (2732) Leuven 2017}) 6... Ng7 $146 ({Predecessor:} 6... dxe5 $11 7. d5 (7. dxe5 Qxd1+ 8. Bxd1 f6 9. Nc3 Be6 10. exf6 exf6 11. O-O O-O-O 12. a3 Ng7 {1-0 (23) Hagesaether,E (2249)-Andersen,J (2292) Aarhus 2009}) 7... Nd4) 7. exd6 exd6 8. Bh6 Nf5 9. Bxf8 Kxf8 10. Nc3 Nh4 11. Qd2 Kg7 12. Nxh4 Qxh4 13. Nb5 Re8 14. O-O-O Qxf2 15. Bf3 Qxd2+ 16. Kxd2 Re7 17. Rhe1 Rd7 18. Re8 a6 19. Bxc6 bxc6 20. Na7 Bb7 21. Rxa8 Bxa8 22. c4 Re7 23. Rc1 Re8 24. Rc3 Rb8 25. Kc2 Rb4 26. a3 Rb8 27. g3 a5 28. c5 d5 29. b4 a4 30. Re3 {[#]} Kf8 $1 31. Kc3 Re8 32. Kd2 f5 33. Rxe8+ Kxe8 34. h4 Ke7 35. Ke3 (35. Ke2 $142 h6 36. Kf3) 35... Kf6 36. b5 $17 {[#]} (36. Kf3 $19 h6 37. b5) 36... Bb7 $1 37. Kf3 h6 0-1

[Event "41st Eastman Open Ghent"]
[Site "Ghent"]
[Date "2018.07.17"]
[Round "7"]
[White "Boog, Ben"]
[Black "Stone, Andrew"]
[Result "1/2-1/2"]
[WhiteElo "2130"]
[BlackElo "2157"]
[Annotator "TA"]
[PlyCount "14"]
[EventDate "2018.07.15"]
[EventCountry "BEL"]
[SourceTitle "playchess.com"]
[Source "ChessBase"]
[SourceQuality "1"]

{[%evp 11,14,-7,3,-60,0]} 1. d4 d5 2. Bf4 Nf6 3. e3 c5 4. c3 Nc6 5. Nd2 Bf5 6. Ngf3 e6 {LiveBook: 80 Partien} 7. Ng1 $146 {D00: Damenbauernspiele} ({Der einzige Zug:} 7. Be2 $1 $11) ({Vorgänger:} 7. Be2 Bd6 8. dxc5 Bxc5 9. Nd4 Bg6 10. Qa4 O-O 11. Nxc6 bxc6 12. Qxc6 Rc8 13. Qa4 Re8 14. O-O e5 {0-1 (57) Le,Q (2737)-Ding,L (2777) Riadh 2017}) 7... Nb8 (7... Be7 $15) 1/2-1/2

[Event "41st Eastman Open Ghent"]
[Site "Ghent"]
[Date "2018.07.17"]
[Round "7"]
[White "James, David J"]
[Black "Zhurov, Sergey"]
[Result "1/2-1/2"]
[WhiteElo "2122"]
[BlackElo "2312"]
[Annotator "NA"]
[PlyCount "49"]
[EventDate "2018.07.15"]
[EventCountry "BEL"]
[SourceTitle "playchess.com"]
[Source "ChessBase"]
[SourceQuality "1"]

1. d4 Nf6 2. Nf3 g6 3. g3 Bg7 4. Bg2 O-O 5. O-O d6 6. c4 Nc6 7. Nc3 a6 8. h3 Bd7 9. e4 e5 {LiveBook: 299 Games} 10. Be3 Re8 {E63: King's Indian: Fianchetto: Panno Variation with 7...a6} (10... exd4 11. Nxd4 Re8 12. Re1 Qc8 13. Nxc6 bxc6 14. g4 Rb8 15. Rb1 Be6 16. c5 h5 17. f3 Rd8 18. cxd6 cxd6 19. Bg5 Qc7 20. Qd2 hxg4 21. fxg4 {0-1 (49) Pert,N (2528)-Svidler,P (2763) Bunratty 2008}) 11. Rb1 $146 ({Predecessor:} 11. d5 $14 Ne7 12. a3 (12. c5 dxc5 13. Bxc5 Nc8 14. a4 b6 15. Be3 Nd6 16. Qc2 Nc4 17. Bg5 h6 18. Bc1 {1-0 (67) Tonkov,B (2289)-Dewi,A (2163) Golden Sands 2014})) 11... b5 12. cxb5 axb5 13. a3 exd4 14. Nxd4 Nxd4 15. Bxd4 c5 16. Be3 b4 17. axb4 cxb4 18. Nd5 Nxd5 19. Qxd5 $11 Be6 20. Qd2 b3 21. Bd4 Be5 22. f4 Qa5 23. Rfd1 Bxd4+ 24. Qxd4 Rad8 25. Rbc1 1/2-1/2

[Event "41st Eastman Open Ghent"]
[Site "Ghent"]
[Date "2018.07.17"]
[Round "7"]
[White "Verheyen, Olivier"]
[Black "Van Mechelen, Jan"]
[Result "1/2-1/2"]
[WhiteElo "2012"]
[BlackElo "2257"]
[Annotator "NA"]
[PlyCount "59"]
[EventDate "2018.07.15"]
[EventCountry "BEL"]
[SourceTitle "playchess.com"]
[Source "ChessBase"]
[SourceQuality "1"]

1. e4 e6 2. d3 d5 3. Qe2 Nf6 4. Nf3 c5 5. g3 Nc6 6. Bg2 Be7 7. O-O O-O 8. e5 Nd7 9. c4 Rb8 {LiveBook: 3 Partien C00: French: Unusual White 2nd moves} (9... b5 10. Na3 bxc4 11. dxc4 Ba6 12. Rd1 Qa5 13. Bd2 Nb4 14. Qe1 Rfe8 15. cxd5 exd5 16. Bxb4 cxb4 17. Nc2 Rac8 18. e6 Nb6 19. exf7+ Kxf7 20. Bh3 Bd6 21. Be6+ Kf6 22. Ncd4 Rc7 23. Qe3 h6 24. Nh4 {1-0 (24) Amin,B (2700)-Mareco,S (2645) Sharjah 2018}) 10. h4 b5 11. b3 $146 ({Predecessor:} 11. cxd5 exd5 12. Nc3 d4 13. Nd5 Nb6 14. Nxe7+ Qxe7 15. Ng5 Nxe5 16. f4 Ng6 17. Qh5 {1-0 (52) Minasian,A (2574)-Babujian,L (2413) Yerevan 2008}) 11... bxc4 12. bxc4 Nb6 13. Nc3 dxc4 14. dxc4 Ba6 $1 15. Rd1 Qc8 16. Qe4 Nxc4 17. Bf1 Nb2 18. Bxa6 Qxa6 19. Rd7 Rb4 20. Qc2 Na4 21. Nxa4 Qxa4 22. Qxa4 Rxa4 23. Rc7 Ra6 24. Be3 Rb8 25. Rc1 Bd8 26. Rd7 Rxa2 27. Bxc5 Rab2 28. Kg2 (28. Be3 $11 Rb1 29. Rxb1 Rxb1+ 30. Kg2) 28... Bb6 $11 (28... R2b7 $15 29. Rd2 Ne7) 29. Bxb6 R2xb6 30. Rc7 1/2-1/2

[Event "41st Eastman Open Ghent"]
[Site "Ghent"]
[Date "2018.07.17"]
[Round "8"]
[White "Epishin, Vladimir"]
[Black "Malakhatko, Vadim"]
[Result "1/2-1/2"]
[WhiteElo "2541"]
[BlackElo "2499"]
[Annotator "TA"]
[PlyCount "119"]
[EventDate "2018.07.15"]
[EventCountry "BEL"]
[SourceTitle "playchess.com"]
[Source "ChessBase"]
[SourceQuality "1"]

{[%evp 9,119,-5,25,25,24,22,15,19,21,18,20,15,21,21,30,23,29,17,61,19,30,13,7,10,24,9,9,5,18,10,28,21,20,16,20,17,18,13,28,15,28,12,20,17,17,12,11,10,25,0,0,0,0,0,0,0,0,0,0,0,0,0,8,0,0,0,0,0,0,0,0,0,0,0,0,0,0,0,0,0,0,0,0,0,0,0,0,0,0,0,0,0,0,0,0,0,0,0,0,0,0,0,0,0,0,0,0,0,0,0,0,0]} 1. Nf3 d5 2. e3 Nf6 3. c4 e6 4. d4 Be7 5. a3 (5. Nc3 O-O 6. h3 b6 7. Bd3 Bb7 8. O-O dxc4 9. Bxc4 Nbd7 10. Qe2 c5 11. Rd1 Qc7 12. e4 cxd4 13. Nxd4 a6 {0-1 (58) Kramnik,V (2792)-Karjakin,S (2782) Paris 2018}) 5... dxc4 6. Bxc4 {D30: Queen's Gambit Declined: Systems without Nc3} c5 7. O-O O-O 8. dxc5 Qxd1 9. Rxd1 Bxc5 10. Nc3 $146 ({Predecessor:} 10. b4 Be7 11. Bb2 a6 {0-1 (11) Smith,H-Potter,C (1587) ICCF email 2013}) 10... a6 11. Be2 Nbd7 12. Nd4 Ne5 13. b4 Ba7 14. b5 Bd7 15. bxa6 bxa6 16. Bd2 Bc5 17. Be1 Rfc8 18. h3 Be7 19. a4 Bb4 {[#]} 20. Ne4 $1 {[%mdl 512] Black must now prevent Nxf6+.} Bxe1 (20... Nxe4 21. Bxb4) 21. Nxf6+ gxf6 22. Rxe1 a5 23. Reb1 Be8 24. Bb5 Nc6 25. Nb3 Ne5 26. Bxe8 Rxe8 27. Nd4 Reb8 28. g4 Nd3 29. Nc6 Rxb1+ {The position is equal.} 30. Rxb1 $11 {[%mdl 4096] Endgame KRN-KRN} Nc5 31. Rb5 Nxa4 32. Rxa5 (32. Kg2 {keeps more tension.} Kg7 33. Kf3 Kg6 34. Nxa5 Nc3 35. Rc5) 32... Rxa5 33. Nxa5 {KN-KN} Nc5 34. Nc4 Kg7 35. Kg2 Nd3 36. f4 f5 37. Kf3 fxg4+ 38. hxg4 f5 39. g5 h6 40. gxh6+ Kxh6 41. Ke2 Nc5 42. Kd2 Kg7 43. Kc3 Kf6 44. Ne5 Ke7 45. Kc4 Nd7 46. Kd4 Nf6 47. Kc5 Ne4+ 48. Kd4 Nf6 49. Nc4 Nd7 50. Nb2 Nf6 51. Nd3 Nd7 52. Nc5 Nxc5 53. Kxc5 {KPP-KPP} Kd7 54. Kc4 Kc6 55. Kd4 Kd6 56. e4 fxe4 57. Kxe4 Ke7 58. Ke5 Kf7 59. f5 exf5 60. Kxf5 {Precision: White = 67%, Black = 73%.} 1/2-1/2

[Event "41st Eastman Open Ghent"]
[Site "Ghent"]
[Date "2018.07.17"]
[Round "8"]
[White "Quillan, Gary"]
[Black "Foisor, Sabina"]
[Result "1/2-1/2"]
[WhiteElo "2349"]
[BlackElo "2285"]
[Annotator "TA"]
[PlyCount "138"]
[EventDate "2018.07.15"]
[EventCountry "BEL"]
[SourceTitle "playchess.com"]
[Source "ChessBase"]
[SourceQuality "1"]

{[%evp 30,138,36,41,34,23,60,10,26,34,108,154,133,144,248,232,286,252,249,259,259,262,258,243,245,245,250,241,279,280,288,246,246,247,312,247,361,326,547,549,544,497,466,346,310,345,330,127,123,121,122,70,68,52,50,48,56,22,48,32,59,21,26,0,0,0,0,0,0,0,41,52,41,46,68,68,70,70,70,29,564,557,584,547,514,446,1041,989,829,67,1016,724,918,0,0,0,0,0,0,0,0,0,0,0,0,0,0,0,0,0,0]} 1. e4 c6 2. d4 d5 3. exd5 cxd5 4. c4 Nf6 5. Nc3 g6 6. Qb3 Bg7 7. cxd5 O-O 8. Be2 Nbd7 9. Bf3 Nb6 10. Nge2 Bg4 11. Bxg4 Nxg4 12. a4 a5 13. Bf4 {B14: Caro-Kann: Panov-Botvinnik Attack with 5...e6 and 5...g6} Nf6 14. d6 exd6 15. O-O Nh5 16. Be3 {LiveBook: 3 Games} d5 17. Nf4 Nf6 18. Nd3 $146 ({Predecessor:} 18. Rad1 Re8 19. Qb5 Qd6 20. Nd3 Ne4 21. Nxe4 dxe4 {½-½ (47) Johansson,G (2192)-Lys,J (2353) Olomouc 2001}) 18... Nc4 19. Ne5 Nxe5 ({Black should try} 19... Rc8 $14) 20. dxe5 $16 Ng4 {aiming for ...d4.} 21. Bc5 $1 Nxh2 (21... Bxe5 $16 22. h3 (22. Qxd5 $2 Bxh2+ 23. Kh1 Qh4 $19) 22... Bxc3) 22. Kxh2 $18 (22. Bxf8 Nf3+ 23. gxf3 Qg5+ 24. Kh1 Qh6+ 25. Kg2 Qg5+ 26. Kh3 Qh5+ 27. Kg3 (27. Kg2 Qg5+ 28. Kh1 Qh6+ 29. Kg1 Qg5+ 30. Kh1 $11) 27... Qg5+ 28. Kh3 Qh5+ 29. Kg2 Qg5+ 30. Kh3 $11) 22... Qh4+ 23. Kg1 Bxe5 {[%csl Ge5][%cal Rh4h2]} 24. f4 $1 {[%cal Rf4e5]} Bxf4 25. Rxf4 Qxf4 26. Nxd5 Qe5 27. Rd1 (27. Qxb7 Rfd8 $11) (27. Bxf8 $6 Rxf8 28. Rd1 Rc8) 27... Rfd8 28. Bb6 Rd6 29. Bc7 $1 {[%csl LRb7,LRd6]} Rad8 30. Bxd8 ({Not} 30. Bxa5 Rxd5 31. Bxd8 Rd4 $11) ({Worse is} 30. Qxb7 Qe2 $11) 30... Rxd8 31. Qxb7 Kg7 32. Qb5 Qh5 (32... Rb8 $142 33. Qxa5 Rxb2) 33. Qb3 f6 $2 (33... Rc8 {is a better defense.} 34. Qd3 Qe5) 34. Qb7+ Kh6 {[#]} 35. Rd3 $1 {[%cal Rd3h3]} Qe5 {intending ...Qe1+.} 36. Rh3+ Kg5 37. Ne3 ({Don't do} 37. Qxh7 $6 Qxd5 38. Qh4+ Kf5 $16) 37... h5 38. Qb5 $2 (38. Qc6 $18 {has better winning chances.}) 38... Qxb5 $16 39. axb5 {[%mdl 4096] Endgame KRN-KR} Rb8 40. Rg3+ ({White should play} 40. Nc4 $16 {Black must now prevent b6.} Rxb5 41. Ra3) 40... Kh6 $14 41. Nc4 Rxb5 42. Ra3 Rb4 $1 {[%cal Rb4c4]} 43. Rc3 Kg5 44. Kf2 Kf4 45. Ke2 a4 46. Kd3 Kg3 47. Rc2 h4 48. Kc3 Rb8 49. Kd4 h3 50. gxh3 Kxh3 51. Rc3+ Kg2 52. Ra3 f5 53. Rxa4 {And now b4 would win.} f4 54. Ra5 {Threatens to win with Rg5+.} Rg8 $2 {[%mdl 8192]} (54... f3 $11 {and Black stays safe.}) 55. Rg5+ $18 Kh3 56. b4 {[%cal Bb2b4,Bb4b5,Bb5b6][%mdl 32]} Kh4 57. Rg1 g5 (57... Rb8 $142 58. Rb1 Kg3 59. Rb3+ f3) 58. b5 f3 59. Ne3 $2 (59. Ke3 $18 g4 60. Ne5) 59... g4 $2 {[%mdl 8192]} (59... f2 $14 60. Rb1 Kg3) 60. b6 f2 {[#]} 61. Rh1+ $2 ({Only move:} 61. Rb1 $1 $18 g3 62. b7) 61... Kg3 $11 {The position is equal.} 62. Kc5 Kf3 63. Nxg4 Rxg4 {KR-KR} 64. b7 Rg8 65. Kc6 Kg2 66. Rb1 f1=Q 67. Rxf1 Kxf1 68. Kc7 Rg7+ 69. Kc8 Rxb7 {Precision: White = 58%, Black = 34%.} 1/2-1/2

[Event "41st Eastman Open Ghent"]
[Site "Ghent"]
[Date "2018.07.17"]
[Round "8"]
[White "Abolianin, Arthur"]
[Black "Docx, Stefan"]
[Result "0-1"]
[WhiteElo "2327"]
[BlackElo "2450"]
[Annotator "TA"]
[PlyCount "92"]
[EventDate "2018.07.15"]
[EventCountry "BEL"]
[SourceTitle "playchess.com"]
[Source "ChessBase"]
[SourceQuality "1"]

{[%evp 19,92,16,10,-10,17,0,0,0,0,0,11,-1,0,0,-4,-18,0,0,0,-69,-37,-81,-72,-72,-68,-72,-74,-74,-72,-98,-96,-105,-85,-94,-94,-86,-93,-87,-44,-74,-68,-83,-63,-70,-60,-67,-67,-126,-122,-129,0,-229,-209,-245,-244,-233,-244,-316,-205,-377,-360,-374,-368,-513,-472,-640,-637,-1259,-1201,-29995,-29996,-29996,-29996,-29996,-29997]} 1. c4 e5 2. g3 Nf6 3. Bg2 Nc6 4. Nf3 Bc5 5. O-O d6 6. Nc3 a6 7. d3 h6 8. a3 O-O 9. b4 Ba7 10. Bb2 Re8 {LiveBook: 23 Partien. A29: Englische Eröffnung (Vierspringer-Variante)} 11. Nd5 Bg4 $146 ({Vorgänger:} 11... Nxd5 12. cxd5 Ne7 13. Nd2 c6 14. dxc6 Nxc6 15. Rc1 Bg4 16. h3 Be6 17. e3 Qd7 18. Kh2 {1-0 (64) Neverov,V (2556)-Korneev,O (2638) Port Erin 2006}) 12. e3 (12. h3 {keeps more tension.} Bh5 13. Nc3 Ne7 14. e3 Qd7 15. Re1) 12... Nxd5 {Die Stellung ist ausgeglichen.} 13. cxd5 Ne7 14. Qb3 Qd7 15. Rfe1 Bh5 16. Rac1 f6 17. Qc4 Bb6 18. Nd2 Bf7 19. e4 (19. d4 $11) 19... a5 20. Qc2 axb4 21. axb4 c6 $1 22. Nc4 Ba7 {[%cal Rc6d5]} 23. dxc6 Nxc6 24. Bc3 Nd4 25. Qd1 Rec8 26. Ne3 Nb5 {[%cal Bd4b5,Bb5d4,Bd4c2][%mdl 32]} 27. Bd2 Rxc1 28. Bxc1 Nd4 29. Bb2 h5 30. Nd5 Rc8 31. Bc1 b5 32. Be3 Nc2 33. Bxa7 ({Lieber} 33. Re2 $15 Nxe3 34. fxe3) 33... Bxd5 $17 ({Doch nicht} 33... Nxe1 $6 34. Nb6 $11) 34. Re2 Qxa7 ({Günstiger ist} 34... Bb3 $1 $17 35. Qb1 Qxa7 36. Qxb3+ Qf7) 35. exd5 $2 {[#]} (35. Rxc2 $11 {und Weiss steht sicher.} Rxc2 36. Qxc2 Qa1+ 37. Bf1) 35... Nd4 $1 $19 {Droht ...Tc1! und aus.} (35... Nxb4 36. Bh3 $17) 36. Rb2 Qa3 37. Rb1 {[#]} g6 $1 38. Bh3 Rc3 39. Be6+ $2 (39. Ra1 Rxd3 40. Qb1) 39... Kg7 40. Ra1 Rxd3 41. Qf1 Qb3 42. Ra7+ Kh6 43. Qc1+ g5 {...Td1+ ist eine echte Drohung.} 44. Qc7 Qd1+ {Schwarz setzt Matt.} 45. Kg2 {[#]} Rxg3+ $1 {[%mdl 512]} 46. hxg3 (46. fxg3 Qf3+) 46... Qf3+ {Precision: Weiß = 22%, Schwarz = 79%.} 0-1

[Event "41st Eastman Open Ghent"]
[Site "Ghent"]
[Date "2018.07.17"]
[Round "8"]
[White "Zhurov, Sergey"]
[Black "Guelsen, Taylan"]
[Result "1-0"]
[WhiteElo "2312"]
[BlackElo "2180"]
[Annotator "TA"]
[PlyCount "61"]
[EventDate "2018.07.15"]
[EventCountry "BEL"]
[SourceTitle "playchess.com"]
[Source "ChessBase"]
[SourceQuality "1"]

{[%evp 16,61,27,29,25,12,15,16,14,0,0,2,23,4,28,6,143,154,151,140,115,72,51,37,107,62,77,17,59,37,39,42,122,98,1484,1449,1409,527,1441,1344,2377,2293,2350,2291,2194,2084,29990,29989]} 1. e4 e5 2. Nf3 Nc6 3. Bb5 a6 4. Ba4 Nf6 5. O-O Be7 6. d3 b5 7. Bb3 d6 8. a4 Bb7 9. Bd2 {LiveBook: 5 Games. C84: Closed Ruy Lopez: Unusual White 6th moves} O-O 10. axb5 $146 ({Predecessor:} 10. Re1 Qd7 11. Na3 Nd4 12. Nxd4 exd4 13. c3 dxc3 14. bxc3 c5 15. f3 d5 16. e5 Ne8 17. d4 Nc7 18. f4 f5 19. Be3 Ne6 20. Nc2 c4 21. Ba2 bxa4 22. Bb1 {½-½ (22) Saltaev,M (2522)-Holzke,F (2489) Germany 2007}) 10... axb5 11. Na3 {The position is equal.} Na7 12. Re1 c5 13. c3 Qb6 14. Nh4 {next Nf5 is good for White.} Bc8 15. Qf3 Be6 (15... Qb7 $11) 16. Bxe6 $16 fxe6 17. Qh3 Kf7 18. Nf3 {[#] Hoping for Ng5+.} h6 19. d4 Nc6 (19... cxd4 $14 20. cxd4 Nc6) 20. dxc5 dxc5 21. Qg3 (21. Rad1 $16) 21... g5 22. Rad1 ({Don't blunder} 22. Nxe5+ $2 Nxe5 23. Bxg5 hxg5 $19) 22... g4 23. Nh4 $1 $36 {[%mdl 2048] White has good play.} ({Don't play} 23. Nxe5+ Nxe5 24. Bxh6 Rh8 $17) ({But not} 23. Bxh6 Rh8 $11) 23... Rh8 ({Black should play} 23... Rg8 $14) 24. f4 gxf3 $2 {[%mdl 8192]} (24... Rad8 $16) 25. Qg6+ $18 Kf8 26. Bxh6+ Rxh6 27. Qxh6+ Kf7 28. Qg6+ Kf8 29. Nxf3 {[#] Intending Ng5 and mate.} c4+ 30. Kh1 {White wants to mate with Ng5.} Ne8 31. Rf1 {Precision: White = 41%, Black = 40%.} 1-0

[Event "41st Eastman Open Ghent"]
[Site "Ghent"]
[Date "2018.07.17"]
[Round "8"]
[White "Hamblok, Roel"]
[Black "Michiels, Bart"]
[Result "0-1"]
[WhiteElo "2286"]
[BlackElo "2554"]
[Annotator "TA"]
[PlyCount "48"]
[EventDate "2018.07.15"]
[EventCountry "BEL"]
[SourceTitle "playchess.com"]
[Source "ChessBase"]
[SourceQuality "1"]

{[%evp 18,48,12,0,4,0,0,-16,-10,-16,-17,-64,-54,-68,-39,-125,-125,-115,-108,-108,-78,-81,-78,-104,-97,-108,-115,-144,-140,-200,-185,-183,-125]} 1. e4 d6 2. d4 Nf6 3. Nc3 e5 4. Nge2 Be7 5. g3 c6 (5... O-O 6. Bg2 c6 7. O-O b5 8. a3 Nbd7 9. h3 a5 10. g4 Ba6 11. Ng3 exd4 12. Qxd4 b4 13. Nce2 d5 14. e5 Bxe2 15. Nxe2 Bc5 16. Qf4 Nxe5 17. Qxe5 {0-1 (43) Moiseenko,A (2707)-Caruana,F (2791) Dubai 2014}) 6. a4 {B07: Pirc-Ufimzew-Verteidigung} a5 7. Bg2 Na6 8. O-O Nb4 9. h3 O-O 10. Be3 {LiveBook: 12 Partien} exd4 11. Bxd4 d5 12. e5 Ne8 $146 {zielt auf ...c5 ab.} ({Vorgänger:} 12... Nd7 13. f4 {½-½ (45) Bernotas,A (2192)-Ostovic,M (2293) Albena 2011}) 13. f4 f6 14. g4 fxe5 15. Bxe5 Bc5+ 16. Nd4 (16. Bd4 $15 b6 17. f5) 16... Nd6 $17 17. Bxd6 Qxd6 18. Nce2 Bxd4+ 19. Nxd4 Rxf4 20. c3 {Droht De2 und aus.} Rxf1+ 21. Qxf1 {[#]} Na6 $1 22. Re1 {Droht Matt per Te8+.} Bd7 {Schwarz steht deutlich besser.} 23. Nf5 (23. Re3 $17 {war einen Versuch wert.}) 23... Bxf5 $1 $19 24. Qxf5 {[#]} Rf8 {Precision: Weiß = 26%, Schwarz = 74%.} (24... Nc5 $1 $19 25. Qg5 h6) 0-1